Т. 1; Генетические модели эндогенных рудных формаций

Bibliografiske detaljer
Parent link:Генетические модели эндогенных рудных формаций: тезисы докладов Всесоюзного совещания 20-22 мая 1981 г., г. Новосибирск/ Академия наук СССР (АН СССР), Сибирское отделение (СО), Институт геологии и геофизики (ИГиГ). Т. 1.— , 1981
Sprog:russisk
Udgivet: 1981
Fag:
Format: MixedMaterials Bog
KOHA link:https://koha.lib.tpu.ru/cgi-bin/koha/opac-detail.pl?biblionumber=346811

MARC

LEADER 00000nam2a2200000 4500
001 346811
005 20231102005928.0
035 |a (RuTPU)RU\TPU\book\378696 
090 |a 346811 
100 |a 20211118d1981 k y0rusy50 ca 
101 0 |a rus 
102 |a RU 
105 |a y z 101zy 
200 0 |a Т. 1 
210 |d 1981 
215 |a 136 с. 
320 |a Авторский указатель: с. 132 
461 1 |0 (RuTPU)RU\TPU\book\159051  |t Генетические модели эндогенных рудных формаций  |o тезисы докладов Всесоюзного совещания 20-22 мая 1981 г., г. Новосибирск  |o в 3 т.  |f Академия наук СССР (АН СССР), Сибирское отделение (СО), Институт геологии и геофизики (ИГиГ)  |v Т. 1  |d 1981 
606 1 |a Рудные месторождения, эндогенные  |2 stltpush  |3 (RuTPU)RU\TPU\subj\26020  |9 50039 
610 1 |a медно-никелевые месторождения 
610 1 |a медно-молибденовые месторождения 
610 1 |a редкометальные месторождения 
610 1 |a полиметаллические месторождения 
610 1 |a золоторудные месторождения 
610 1 |a сурьмяно-ртутные месторождения 
610 1 |a генетические модели 
610 1 |a пространственно-временные соотношения 
610 1 |a скарны 
610 1 |a рудообразование 
610 1 |a формационный анализ 
610 1 |a совещания 
675 |a 553.3/.4.062(063)  |v 4 
801 1 |a RU  |b 63413507  |c 20211118 
942 |c BK